000 01005nam a2200301 4500
003 OSt
005 20260530115313.0
008 260507b2008 nyu |||| |||| 00| 0 eng d
020 _a9781402760082
040 _aICI
_bspa
_cICI
041 _aeng
050 _aBF241.O65
_bO67
100 1 _aGyles Brandreth, Michael A. DiSpezio Et Alt
_933048
245 1 0 _aOptical illusions :
_bchallenge your visual thinking /
_cKeith Kay ; Charles H. Paraquín
264 1 _aNew York :Sterling Innovation London
_bSterling Publishing Co., Inc.
_c2008
300 _aviii, 280 páginas :
_bilustraciones
336 _atexto
_2rdacontent
337 _asin medio
_2rdamedia
338 _avolumen
_2rdacarrier
650 4 _aIlusiones ópticas
650 4 _aPercepción visual
650 4 _aJuegos visuales
_933051
650 4 _aAcertijos visuales
_933052
650 4 _aEntretenimiento educativo
_933053
700 1 _aKay, Keith,
_eautor
_933054
700 1 _aParaquín, Charles H.,
_eautor
_933055
942 _2lcc
_cBK
_n1
999 _c13433
_d13433